COLLINS easy learning : German grammar: the easiest way to learn a language

Saved in:
Bibliografiske detaljer
Hovedforfatter: [edited by] Airlie, Maree
Format: Bog
Sprog:engelsk
Udgivet: HarperCollins Publishers 2016
Tags: Tilføj Tag
Ingen Tags, Vær først til at tagge denne postø!

MARC

LEADER 00000nam a22000007a 4500
008 201216b ||||| |||| 00| 0 eng d
020 |a 978-0-00-814200-1 
100 |a [edited by] Airlie, Maree 
245 |a COLLINS easy learning  |b : German grammar: the easiest way to learn a language  |c [edited by] Maree Airlie  |g xii, 103p. 
250 |b 4th ed.  |c Airlie, Maree 
260 |b HarperCollins Publishers  |c 2016  |h Glasgow  |i 691584   |i 691585  |i 691586   |i 691587   |l PF3112 .C69  |m German language – Grammar  |m German language – Textbooks for foreign speakers – English 
500 |a It includes index, verb index and verb tables 
942 |a lcc  |c BK  |e 15/12/2020  |f Kuteyi, M. A. 
952 |0 0  |1 0  |2 lcc  |4 0  |7 0  |9 589  |a HOL  |b ART  |c LP  |d 2020-12-16  |o PF3112 .C69  |p 2020-22908  |r 2020-12-16 00:00:00  |w 2020-12-16  |y BK 
952 |0 0  |1 0  |2 lcc  |4 0  |7 0  |9 590  |a HOL  |b ART  |c LP  |d 2020-12-16  |o PF3112 .C69  |p 2020-22909  |r 2020-12-16 00:00:00  |w 2020-12-16  |y BK 
952 |0 0  |1 0  |2 ddc  |4 0  |6 PF_3112_000000000000000__C69  |7 0  |9 591  |a HOL  |b HOL  |c LP  |d 2020-12-16  |l 0  |o PF3112 .C69  |p 2020-22910  |r 2020-12-16 00:00:00  |w 2020-12-16  |y BK 
952 |0 0  |1 0  |2 ddc  |4 0  |6 PF_3112_000000000000000__C69  |7 0  |9 592  |a HOL  |b HOL  |c LP  |d 2020-12-16  |l 0  |o PF3112 .C69  |p 2020-22911  |r 2020-12-16 00:00:00  |w 2020-12-16  |y BK 
999 |c 329  |d 329